| Tag |
First Indicator |
Second Indicator |
Subfields |
| LEADER |
00000cas a2200000 a 4500 |
| 001 |
in00000644921 |
| 005 |
20151015062732.0 |
| 008 |
810226u19uuuuuuua ar f0 0eng d |
| 010 |
|
|
|a sn 94026112
|
| 035 |
|
|
|a (OCoLC)ocm31367744
|
| 035 |
|
|
|a (OCoLC)31367744
|
| 035 |
|
|
|9 ACV9457AM
|
| 040 |
|
|
|a FUG
|c FUG
|d OCLCQ
|d TXA
|d UtOrBLW
|
| 042 |
|
|
|a lcd
|
| 043 |
|
|
|a f-ua---
|
| 049 |
|
|
|a TXAM
|
| 050 |
1 |
4 |
|a SB251.E3
|b C6
|
| 110 |
1 |
|
|a Egypt.
|b Wizārat al-Zirāʻah.
|b Cotton Research Board.
|
| 245 |
1 |
0 |
|a Annual report /
|c Ministry of Agriculture, Egypt. Cotton Research Board.
|
| 264 |
|
1 |
|a Cairo :
|b Govt. Publications Office,
|c 1921-
|
| 300 |
|
|
|a volumes :
|b illustrations ;
|c 27 cm.
|
| 310 |
|
|
|a Annual
|
| 336 |
|
|
|a text
|b txt
|2 rdacontent
|
| 337 |
|
|
|a unmediated
|b n
|2 rdamedia
|
| 338 |
|
|
|a volume
|b nc
|2 rdacarrier
|
| 362 |
0 |
|
|a 1st (1920)-
|
| 500 |
|
|
|a Latest issue consulted: 4th (1923).
|
| 650 |
|
0 |
|a Cotton
|x Research
|z Egypt
|v Periodicals.
|
| 850 |
|
|
|a FU
|
| 949 |
|
|
|a Updated
|b h
|c 2005/7/8
|e mshipova
|f 11:24:00 am
|
| 994 |
|
|
|a C0
|b TXA
|
| 999 |
|
|
|a MARS
|
| 999 |
f |
f |
|s 8e6c6257-e49a-3232-9235-44200925f1bb
|i d9349c4c-1c9a-35a2-96db-03b2adc69d94
|t 0
|
| 952 |
f |
f |
|p ric
|a Texas A&M University
|b Rellis Campus
|c Joint Library Facility
|d Remote Storage
|t 0
|e SB251.E3 C6
|h Library of Congress classification
|i unmediated -- volume
|k 1st-3rd
|l 1920-1922
|m A14832341968
|
| 952 |
f |
f |
|p ric
|a Texas A&M University
|b Rellis Campus
|c Joint Library Facility
|d Remote Storage
|t 0
|e SB251.E3 C6
|h Library of Congress classification
|i unmediated -- volume
|k 4th-6th
|l 1923-1925/1927
|m A14832341926
|
| 998 |
f |
f |
|a SB251.E3 C6
|s 1st-6th (1920-1925/1927)
|t 0
|l Remote Storage
|